000 nam a22 a 4500
999 _c610
_d610
003 AKMAL
005 20170504123024.0
008 170504t2004 - a e b 001 0 eng d
020 _a0743206827 (hbk.) :
_cRM89.90
040 _aAKMAL
082 0 0 _a158.1 COV
_222
090 0 0 _a158
_bCOV
100 1 _aCovey, Stephen R.
_91295
245 1 4 _aThe 8th habit :
_bfrom effectiveness to greatness /
_cStephen R. Covey
246 3 _aEight habit
260 _aNew York :
_bSimon & Schuster,
_c2004
300 _axvi, 409p. :
_bill. ;
_c25cm. +
_e1 computer laser optical disc (4 3/4 in.)
504 _aIncludes bibliographical references and index
650 1 0 _aSelf-actualization (Psychology)
_91127
650 2 0 _aSuccess
_92
650 2 0 _aSatisfaction
_91335
650 2 0 _aVocation
_91336
856 4 2 _3Publisher description
_uhttp://www.loc.gov/catdir/description/simon051/2004056371.html
942 _2ddc
_cBOOK